Southville International School and Colleges
Your cart is empty.
  • Cart
  • Lists
    Public lists Eva Luna New books Lux_list list_1
    Your lists Log in to create your own lists
  • Log in to your account
  • Your cookies
  • Search history
Southville International School and Colleges
  • Advanced search
  • Recent comments
  • Most popular
  • Libraries

Log in to your account

Log in with GOOGLE


If you do not have an external account, but do have a local account, you can still log in:

  1. Home
  2. MARC view: Growing up with science :
Normal view MARC view ISBD view

Growing up with science : (Record no. 112340)

[ view plain ]
MARC details
000 -LEADER
fixed length control field 00716nam a2200217 a 4500
001 - CONTROL NUMBER
control field 3883
005 - DATE AND TIME OF LATEST TRANSACTION
control field 20140414131934.0
008 - FIXED-LENGTH DATA ELEMENTS--GENERAL INFORMATION
fixed length control field 040601s19uu xx 00 eng d
050 ## - LIBRARY OF CONGRESS CALL NUMBER
Classification number REF 503.21
Item number G89 1987
245 ## - TITLE STATEMENT
Title Growing up with science :
Remainder of title the illustrated encyclopedia of invention /
Statement of responsibility, etc executive editor Michael Dempsey.
260 ## - PUBLICATION, DISTRIBUTION, ETC. (IMPRINT)
Place of publication, distribution, etc Westport, CT :
Name of publisher, distributor, etc H. S. Stuttman,
Date of publication, distribution, etc 1987.
300 ## - PHYSICAL DESCRIPTION
Extent 25 v. ; 96 P. . : ill. ; cm.
500 ## - GENERAL NOTE
General note Includes index
650 ## - SUBJECT ADDED ENTRY--TOPICAL TERM
Topical term or geographic name as entry element Science--encyclopedias.
650 ## - SUBJECT ADDED ENTRY--TOPICAL TERM
Topical term or geographic name as entry element Discoveries in science.
650 ## - SUBJECT ADDED ENTRY--TOPICAL TERM
Topical term or geographic name as entry element Technology--Encyclopedias.
650 ## - SUBJECT ADDED ENTRY--TOPICAL TERM
Topical term or geographic name as entry element Inventions--Encycloepdias.
650 ## - SUBJECT ADDED ENTRY--TOPICAL TERM
Topical term or geographic name as entry element Science--Dictionaries.
650 ## - SUBJECT ADDED ENTRY--TOPICAL TERM
Topical term or geographic name as entry element Technology--Dictionaries.
Holdings
Withdrawn status Lost status Damaged status Use restrictions Home library Current library Shelving location Date acquired Source of acquisition Total Checkouts Full call number Barcode Date last seen Price effective from Koha item type
        Munich Library Munich Library Reference Section 06/01/2004     REF 503.21 G89 1987 M3623 04/14/2014 04/14/2014 Books

Growing up with science :

APA

(1987). Growing up with science. Westport, CT: H. S. Stuttman.

Chicago

1987. Growing up with science. Westport, CT: H. S. Stuttman.

Harvard

(1987). Growing up with science. Westport, CT: H. S. Stuttman.

MLA

Growing up with science. Westport, CT: H. S. Stuttman. 1987.

  • Place hold
  • Print
  • Cite
  • Add to your cart (remove)
  • Save record
    BIBTEX Dublin Core MARCXML MARC (non-Unicode/MARC-8) MARC (Unicode/UTF-8) MARC (Unicode/UTF-8, Standard) MODS (XML) RIS
  • More searches
    Search for this title in:
    Other Libraries (WorldCat) Other Databases (Google Scholar) Online Stores (Bookfinder.com) Open Library (openlibrary.org)

Exporting to Dublin Core...

SOUTHVILLE LIBRARY

Southville International School and Colleges Library

1281 Tropical Ave. Cor. Luxembourg St., BF Homes International, Las Pinas City

Tel. No. 8256374 / 252358 Loc. 117/146

Powered by Koha